000 00745nam a2200229 a 4500
005 20160106100955.0
008 960531s1995 ck r 001 0 spa
040 _aDLC
_cDLC
041 0 _aspa
044 _ack
090 _aRE-
_b0043
245 0 0 _aDirectorio de entidades ambientales colombianas.
250 _aPrimera edición
260 _aSantafé de Bogotá :
_bECOFONDO :
_bFES :
_bFIDUFES,
_c1995.
300 _a277 páginas ;
_c28 x 21 cm.
500 _aIncluye índice.
650 6 _aServicios ecosistémicos
_xSociedades, insituciones etc.
_zColombia
_xDirectorios.
710 2 _aECOFONDO (Colombia)
710 2 _aFundación para la Educación Superior.
710 2 _aFIDUFES.
942 _2z
_cReferencia
999 _c2780
_d2780